00237nam a2200085Ia 450000100070000000500170000700800410002424500450006526000410011077091420250826165705.0250824s9999 xx 000 0 und d 0aİKİ YIL OKUL TATİLİcJULES VERNE bTÜRKİYE İŞ BANKASI YAYINLARI